| 000 | 00872nac a22002411u 4500 | ||
|---|---|---|---|
| 008 | 090302s2003 nju|||||r|||| 00| 0 eng d | ||
| 010 | _a 2003267029 | ||
| 020 | _a0130412074 | ||
| 020 | _a0131115006 | ||
| 082 | 0 | 4 |
_a621.3822 _bPHI _222 |
| 100 |
_aPhillips, Charles L. _95412 |
||
| 245 | 1 | 0 |
_aSignals, systems, and transforms / _cCharles L. Phillips, John M. Parr, Eve A. Riskin. |
| 250 | _a3rd ed. | ||
| 260 |
_aUpper Saddle River, N.J. : _bPrentice Hall, _cc2003. |
||
| 300 |
_axx, 765 p. : _bill. ; _c24 cm. |
||
| 650 | 0 |
_aSignal processing _xMathematical models. _95413 |
|
| 650 | 0 |
_aTransformations (Mathematics) _95414 |
|
| 650 | 0 |
_aSystem analysis. _95415 |
|
| 655 |
_95405 _aSignals and Systems- Year 1 _vtext book _xEngineering _ySemester 2. 2008/2009 |
||
| 700 | 1 |
_aParr, John M. _95416 |
|
| 700 | 1 |
_aRiskin, Eve A. _95417 |
|
| 942 |
_cBB _k621.3822 PHI _2ddc |
||
| 999 |
_c189 _d189 |
||